Ấn tượng trong phút đầu giao tiếp

שמור ב:
מידע ביבליוגרפי
מחבר ראשי: Nguyễn, Ngọc Nam
פורמט: ספר
שפה:Undetermined
יצא לאור: Thành phố Hồ Chí Minh Thanh niên 2000
נושאים:
תגים: הוספת תג
אין תגיות, היה/י הראשונ/ה לתייג את הרשומה!
Thư viện lưu trữ: Trung tâm Học liệu Trường Đại học Cần Thơ
LEADER 00610nam a2200193Ia 4500
001 CTU_93901
008 210402s9999 xx 000 0 und d
020 |c 12000 
082 |a 370.153 
082 |b N104 
100 |a Nguyễn, Ngọc Nam 
245 0 |a Ấn tượng trong phút đầu giao tiếp 
245 0 |c Nguyễn Ngọc Nam, Nguyễn Hồng Ngọc, Nguyễn Công Khanh 
260 |a Thành phố Hồ Chí Minh 
260 |b Thanh niên 
260 |c 2000 
650 |a Psychology, applied 
904 |i Năm 
980 |a Trung tâm Học liệu Trường Đại học Cần Thơ